[Event "Chess-to-Remember 2016"]
[Site "ACC"]
[Date "2016.09.27"]
[Round "5.2"]
[White "Bellissimo, Joseph"]
[Black "Yang, Kaiqi"]
[Result "1-0"]
[BlackElo "2418"]
[WhiteElo "2252"]
[LiveChessVersion "1.4.8"]

1. e4 {[%clk 0:25:09]} e5 {[%clk 0:25:08]} 2. Nf3 {[%clk 0:25:12]} Nc6
{[%clk 0:25:11]} 3. Bc4 {[%clk 0:25:15]} Nf6 {[%clk 0:25:15]} 4. d3
{[%clk 0:25:19]} Be7 {[%clk 0:25:14]} 5. O-O {[%clk 0:24:48]} O-O
{[%clk 0:25:16]} 6. Re1 {[%clk 0:24:40]} d6 {[%clk 0:25:19]} 7. c3
{[%clk 0:23:55]} Na5 {[%clk 0:24:57]} 8. Bb5 {[%clk 0:23:55]} a6 {[%clk 0:24:57]}
9. Ba4 {[%clk 0:23:59]} b5 {[%clk 0:25:00]} 10. Bc2 {[%clk 0:24:02]} c5
{[%clk 0:24:57]} 11. Nbd2 {[%clk 0:23:44]} Re8 {[%clk 0:24:38]} 12. Nf1
{[%clk 0:23:38]} Bf8 {[%clk 0:24:40]} 13. Bg5 {[%clk 0:23:25]} h6
{[%clk 0:24:35]} 14. Bxf6 {[%clk 0:23:24]} Qxf6 {[%clk 0:24:38]} 15. Ne3
{[%clk 0:23:28]} Be6 {[%clk 0:23:50]} 16. d4 {[%clk 0:21:14]} exd4
{[%clk 0:20:58]} 17. cxd4 {[%clk 0:21:17]} Nc4 {[%clk 0:20:39]} 18. b3
{[%clk 0:19:01]} Nxe3 {[%clk 0:19:30]} 19. Rxe3 {[%clk 0:18:40]} Bg4
{[%clk 0:17:20]} 20. d5 {[%clk 0:15:39]} g6 {[%clk 0:16:52]} 21. h3
{[%clk 0:15:18]} Bg7 {[%clk 0:16:04]} 22. Rb1 {[%clk 0:14:38]} Bd7
{[%clk 0:15:40]} 23. Bd3 {[%clk 0:14:08]} Rac8 {[%clk 0:15:01]} 24. Rc1
{[%clk 0:14:11]} h5 {[%clk 0:14:23]} 25. Re1 {[%clk 0:13:56]} g5 {[%clk 0:13:38]}
26. Nh2 {[%clk 0:13:33]} Re5 {[%clk 0:12:20]} 27. Nf3 {[%clk 0:12:40]} Re7
{[%clk 0:12:24]} 28. Nh2 {[%clk 0:12:32]} h4 {[%clk 0:12:15]} 29. Qh5
{[%clk 0:11:42]} Qh6 {[%clk 0:10:20]} 30. Qf3 {[%clk 0:11:28]} Be5
{[%clk 0:08:33]} 31. Ng4 {[%clk 0:10:58]} Qg7 {[%clk 0:07:59]} 32. g3
{[%clk 0:09:06]} Rce8 {[%clk 0:06:53]} 33. Re2 {[%clk 0:08:31]} Bd4
{[%clk 0:05:34]} 34. Kg2 {[%clk 0:07:54]} Kh8 {[%clk 0:05:26]} 35. Rcc2
{[%clk 0:07:21]} Bc8 {[%clk 0:04:48]} 36. Ne3 {[%clk 0:05:01]} Bxe3
{[%clk 0:04:24]} 37. Rxe3 {[%clk 0:04:57]} Re5 {[%clk 0:03:10]} 38. g4
{[%clk 0:04:54]} Bd7 {[%clk 0:02:43]} 39. Ree2 {[%clk 0:04:39]} R5e7
{[%clk 0:02:41]} 40. Re3 {[%clk 0:04:16]} Qe5 {[%clk 0:02:40]} 41. Ree2
{[%clk 0:04:12]} Kg7 {[%clk 0:02:44]} 42. Re3 {[%clk 0:04:06]} a5
{[%clk 0:02:42]} 43. Qe2 {[%clk 0:03:48]} Rb8 {[%clk 0:02:39]} 44. Rf3
{[%clk 0:03:16]} a4 {[%clk 0:02:24]} 45. Re3 {[%clk 0:03:11]} Ree8
{[%clk 0:02:09]} 46. Rf3 {[%clk 0:02:26]} Rec8 {[%clk 0:02:03]} 47. Re3
{[%clk 0:02:12]} Rc7 {[%clk 0:01:42]} 48. Rf3 {[%clk 0:02:15]} Ra7
{[%clk 0:01:40]} 49. Rb2 {[%clk 0:01:29]} axb3 {[%clk 0:01:12]} 50. axb3
{[%clk 0:01:33]} f6 {[%clk 0:01:06]} 51. Ra2 {[%clk 0:01:30]} Rc7
{[%clk 0:00:52]} 52. Rc2 {[%clk 0:01:09]} Be8 {[%clk 0:00:46]} 53. Rf5
{[%clk 0:01:11]} Qd4 {[%clk 0:00:46]} 54. Rd2 {[%clk 0:00:29]} c4
{[%clk 0:00:20]} 55. bxc4 {[%clk 0:00:33]} bxc4 {[%clk 0:00:25]} 56. Bc2
{[%clk 0:00:37]} Qa1 {[%clk 0:00:13]} 57. e5 {[%clk 0:00:34]} dxe5
{[%clk 0:00:15]} 58. d6 {[%clk 0:00:39]} Rd7 {[%clk 0:00:11]} 59. Qxc4
{[%clk 0:00:39]} Qa8+ {[%clk 0:00:12]} 60. Be4 {[%clk 0:00:42]} Qa5
{[%clk 0:00:14]} 61. Qe6 {[%clk 0:00:45]} Rf7 62. Rd3 Bd7 63. Qc4 Bb5 64. Qd5 1-0

[Event "Chess-to-Remember 2016"]
[Site "ACC"]
[Date "2016.09.27"]
[Round "5.4"]
[White "Cai, Jason"]
[Black "Zhang, Yuanchen"]
[Result "0-1"]
[BlackElo "2323"]
[WhiteElo "2178"]
[LiveChessVersion "1.4.8"]

1. e4 {[%clk 0:25:06]} e5 {[%clk 0:25:10]} 2. Nf3 {[%clk 0:25:02]} Nc6
{[%clk 0:25:14]} 3. d4 {[%clk 0:25:00]} exd4 {[%clk 0:25:18]} 4. Nxd4
{[%clk 0:25:00]} Bb4+ {[%clk 0:25:22]} 5. c3 {[%clk 0:24:57]} Bc5
{[%clk 0:25:26]} 6. Be3 {[%clk 0:24:44]} Bb6 {[%clk 0:25:30]} 7. Bc4
{[%clk 0:23:48]} Nf6 {[%clk 0:25:01]} 8. Nxc6 {[%clk 0:22:13]} bxc6
{[%clk 0:24:45]} 9. Bxb6 {[%clk 0:22:13]} axb6 {[%clk 0:24:49]} 10. e5
{[%clk 0:21:34]} Nd5 {[%clk 0:24:54]} 11. O-O {[%clk 0:19:57]} Bb7
{[%clk 0:21:53]} 12. Qg4 {[%clk 0:18:46]} O-O {[%clk 0:21:28]} 13. Nd2
{[%clk 0:18:47]} d6 {[%clk 0:20:07]} 14. exd6 {[%clk 0:18:32]} Qxd6
{[%clk 0:20:09]} 15. Rad1 {[%clk 0:17:35]} Qh6 {[%clk 0:19:20]} 16. Nf3
{[%clk 0:17:09]} Nf6 {[%clk 0:17:55]} 17. Qg5 {[%clk 0:15:43]} Qxg5
{[%clk 0:17:56]} 18. Nxg5 {[%clk 0:15:46]} h6 {[%clk 0:16:40]} 19. Nf3
{[%clk 0:15:44]} b5 {[%clk 0:15:44]} 20. Bb3 {[%clk 0:15:37]} c5 {[%clk 0:15:48]}
21. a3 {[%clk 0:14:39]} c4 {[%clk 0:15:29]} 22. Bc2 {[%clk 0:14:37]} Bxf3
{[%clk 0:15:33]} 23. gxf3 {[%clk 0:14:36]} Rfe8 {[%clk 0:14:46]} 24. Rfe1
{[%clk 0:14:21]} Kf8 {[%clk 0:14:36]} 25. Kf1 {[%clk 0:13:43]} Rxe1+
{[%clk 0:14:01]} 26. Rxe1 {[%clk 0:13:21]} Rd8 {[%clk 0:14:02]} 27. Rd1
{[%clk 0:12:26]} Rxd1+ {[%clk 0:13:13]} 28. Bxd1 {[%clk 0:12:30]} Ke7
{[%clk 0:13:17]} 29. a4 {[%clk 0:11:24]} c6 {[%clk 0:11:49]} 30. Ke1
{[%clk 0:09:10]} Kd6 {[%clk 0:11:21]} 31. axb5 {[%clk 0:08:17]} cxb5
{[%clk 0:11:24]} 32. b3 {[%clk 0:08:01]} Nd5 {[%clk 0:10:06]} 33. bxc4
{[%clk 0:07:43]} bxc4 {[%clk 0:10:10]} 34. Be2 {[%clk 0:07:20]} Kc5
{[%clk 0:09:33]} 35. Kd2 {[%clk 0:07:22]} f5 {[%clk 0:08:25]} 36. Bf1
{[%clk 0:07:24]} f4 {[%clk 0:08:06]} 37. Be2 {[%clk 0:07:17]} Nf6
{[%clk 0:07:35]} 38. Bf1 {[%clk 0:07:06]} Nd7 {[%clk 0:07:19]} 39. Bh3
{[%clk 0:06:25]} Ne5 40. Ke2 Kd6 {[%clk 0:07:20]} 41. Bf5 {[%clk 0:06:08]} Ke7
{[%clk 0:06:42]} 42. Bh3 {[%clk 0:06:00]} Kf6 {[%clk 0:06:46]} 43. Bc8
{[%clk 0:06:04]} Kg5 {[%clk 0:06:46]} 44. Be6 {[%clk 0:06:03]} Kh4
{[%clk 0:06:50]} 45. Bf5 {[%clk 0:05:47]} g6 {[%clk 0:06:47]} 46. Be6
{[%clk 0:05:50]} g5 {[%clk 0:06:46]} 47. h3 {[%clk 0:05:32]} Kh5 {[%clk 0:06:35]}
48. Bf5 {[%clk 0:05:30]} Nf7 {[%clk 0:06:06]} 49. Be6 {[%clk 0:05:27]} Nd6
{[%clk 0:06:09]} 50. Bd7 {[%clk 0:05:26]} Kg6 {[%clk 0:06:12]} 51. Be6
{[%clk 0:05:25]} Kf6 {[%clk 0:06:16]} 52. Bd5 {[%clk 0:05:20]} Ke5
{[%clk 0:06:20]} 53. Bc6 {[%clk 0:05:14]} Nc8 {[%clk 0:05:35]} 54. Be8
{[%clk 0:05:10]} Nb6 {[%clk 0:05:38]} 55. Bb5 {[%clk 0:05:04]} Kd5
{[%clk 0:05:42]} 56. Be8 {[%clk 0:05:03]} Nc8 {[%clk 0:05:36]} 57. Bf7+
{[%clk 0:05:06]} Kc5 58. Be6 Nd6 {[%clk 0:05:44]} 59. Bd7 {[%clk 0:05:13]} Nf7
{[%clk 0:05:42]} 60. Be6 {[%clk 0:05:14]} Ne5 {[%clk 0:05:46]} 61. Bf5
{[%clk 0:05:17]} Kb5 {[%clk 0:05:46]} 62. Bc2 {[%clk 0:05:14]} Ka5
{[%clk 0:05:48]} 63. Bd1 {[%clk 0:05:11]} Nd3 {[%clk 0:05:39]} 64. Bc2
{[%clk 0:05:15]} Nc5 {[%clk 0:05:34]} 65. Kd1 {[%clk 0:04:54]} Nb3
{[%clk 0:05:23]} 66. Bg6 {[%clk 0:04:37]} Nc5 {[%clk 0:04:54]} 67. Bf7
{[%clk 0:04:33]} Kb5 {[%clk 0:04:55]} 68. Be8+ {[%clk 0:04:36]} Kb6
{[%clk 0:04:52]} 69. Bf7 {[%clk 0:04:38]} Nd3 {[%clk 0:04:29]} 70. Ke2
{[%clk 0:04:42]} Kc5 {[%clk 0:04:32]} 71. Be6 {[%clk 0:04:46]} h5
{[%clk 0:04:25]} 72. Bf7 {[%clk 0:04:45]} h4 {[%clk 0:04:15]} 73. Be6
{[%clk 0:04:48]} Ne5 {[%clk 0:04:18]} 74. Bc8 {[%clk 0:04:50]} Kb5
{[%clk 0:04:10]} 75. Be6 {[%clk 0:04:48]} Ka4 {[%clk 0:04:11]} 76. Bf5
{[%clk 0:04:27]} Kb3 {[%clk 0:04:13]} 77. Kd2 {[%clk 0:04:31]} Nxf3+
{[%clk 0:04:07]} 78. Ke2 {[%clk 0:04:35]} Ne5 {[%clk 0:04:08]} 79. Kd2
{[%clk 0:04:39]} g4 {[%clk 0:03:38]} 80. Be6 {[%clk 0:04:36]} g3 {[%clk 0:03:36]}
81. fxg3 {[%clk 0:04:40]} hxg3 {[%clk 0:03:28]} 82. Bd5 {[%clk 0:04:33]} f3
{[%clk 0:03:29]} 83. Ke3 {[%clk 0:04:37]} g2 {[%clk 0:03:17]} 84. Kf2
{[%clk 0:04:41]} Kxc3 {[%clk 0:03:21]} 85. h4 {[%clk 0:04:40]} Kd4
{[%clk 0:03:20]} 86. Be6 {[%clk 0:04:30]} Nd3+ {[%clk 0:03:19]} 87. Kg1
{[%clk 0:04:34]} Ke3 {[%clk 0:03:16]} 88. Bxc4 {[%clk 0:04:34]} Nf4
{[%clk 0:03:20]} 0-1